Building ASEAN : 20 years of Southeast Asian cooperation /

Bibliographic Details
Main Author: Palmer, Ronald D.
Other Authors: Reckford, Thomas J.
Format: Book
Language:English
Published: New York : Praeger, 1987.
Series:Washington papers ; 127.
Subjects:

MARC

Tag First Indicator Second Indicator Subfields
LEADER 00000cam a2200000 a 4500
001 in00000009351
005 20151007051528.0
008 870513s1987 nyuab b 00110 eng
010 |a  87014609  
020 |a 0275928152 (alk. paper) 
020 |a 0275928160 (pbk. : alk. paper) 
035 |a (OCoLC)15793230 
035 |9 AAA3435AM 
040 |a DLC  |c DLC  |d TXA  |d UtOrBLW 
043 |a as----- 
049 |a TXAM  |c 1 [A12637098], 2 [A11047444] 
050 0 0 |a DS520  |b .P35 1987 
082 0 |a 341.24/73  |2 19 
100 1 |a Palmer, Ronald D. 
245 1 0 |a Building ASEAN :  |b 20 years of Southeast Asian cooperation /  |c Ronald D. Palmer and Thomas J. Reckford ; foreword by John H. Holdridge. 
264 1 |a New York :  |b Praeger,  |c 1987. 
300 |a xx, 162 pages :  |b illustrations, map ;  |c 25 cm. 
336 |a text  |b txt  |2 rdacontent 
337 |a unmediated  |b n  |2 rdamedia 
338 |a volume  |b nc  |2 rdacarrier 
490 1 |a The Washington papers,  |x 0278-937X ;  |v 127 
500 |a "Published with the Center for Strategic and International Studies, Washington, D.C." 
504 |a Bibliography: pages 149-151. 
500 |a Includes index. 
610 2 0 |a ASEAN. 
651 0 |a Southeast Asia  |x Politics and government  |y 1945- 
651 0 |a Southeast Asia  |x Economic policy. 
700 1 |a Reckford, Thomas J. 
830 0 |a Washington papers ;  |v 127. 
999 |a MARS 
999 f f |s 5a8fcf1c-430f-30d6-a1d4-57fc8eeb0246  |i fbce025d-dcb6-34e7-97c0-68c79ff2763b  |t 0 
952 f f |p ric  |a Texas A&M University  |b Rellis Campus  |c Joint Library Facility  |s JLF  |d Remote Storage  |t 0  |e DS520 .P35 1987  |h Library of Congress classification  |i unmediated -- volume  |m A14812637098 
998 f f |a DS520 .P35 1987  |t 0  |l Remote Storage